| 000 | 00541nam a22001937a 4500 | ||
|---|---|---|---|
| 008 | 151015b xxu||||| |||| 00| 0 eng d | ||
| 020 | _a9780073127132 | ||
| 020 | _a0073127132 (alk. paper) | ||
| 041 | 0 | _aeng | |
| 080 | _a658.15 | ||
| 100 | 1 | _aPenman, Stephen H. | |
| 245 | 1 | 0 |
_aFinancial statement analysis and security valuation / _cStephen H. Penman. |
| 250 | _a3rd ed. | ||
| 260 |
_c2007 _aBoston : _bMcGraw-Hill Irwin, |
||
| 300 |
_axxiv, 776 f. : _bme il ; _c27 cm. |
||
| 650 | _aFinanca | ||
| 650 | _aInvestime | ||
| 942 |
_2udc _cBK |
||
| 999 |
_c1291 _d1291 |
||